Thirtieth anniversary commemorative series, Vol.-1 : (Record no. 22551)

MARC details
000 -LEADER
fixed length control field 00903cam a2200265 4500
001 - CONTROL NUMBER
control field 3609649
003 - CONTROL NUMBER IDENTIFIER
control field BDDh-ASL
005 - DATE AND TIME OF LATEST TRANSACTION
control field 20231015030136.0
008 - FIXED-LENGTH DATA ELEMENTS--GENERAL INFORMATION
fixed length control field 720718s1972 azu b 000 0 eng
010 ## - LIBRARY OF CONGRESS CONTROL NUMBER
LC control number 72187200
040 ## - CATALOGING SOURCE
Original cataloging agency DLC
Transcribing agency DLC
Modifying agency DLC
-- BDDh-ASL
043 ## - GEOGRAPHIC AREA CODE
Geographic area code a------
050 00 - LIBRARY OF CONGRESS CALL NUMBER
Classification number DS3.A2
Item number T45
082 00 - DEWEY DECIMAL CLASSIFICATION NUMBER
Classification number 951
Item number HAT
245 00 - TITLE STATEMENT
Title Thirtieth anniversary commemorative series, Vol.-1 :
Remainder of title enduring scholarship selected from the Far Eastern quarterly--the Journal of Asian Studies, 1941-1971/
260 ## - PUBLICATION, DISTRIBUTION, ETC.
Place of publication, distribution, etc. Tucson:
Name of publisher, distributor, etc. University of Arizona Press,
Date of publication, distribution, etc. 1972.
300 ## - PHYSICAL DESCRIPTION
Extent v-1, 230 :
Dimensions 26 cm.
504 ## - BIBLIOGRAPHY, ETC. NOTE
Bibliography, etc. note Includes bibliographical references.
505 0# - FORMATTED CONTENTS NOTE
Formatted contents note v. 1 China.--v. 2. Japan.--v. 3. Southeast Asia.
651 #0 - SUBJECT ADDED ENTRY--GEOGRAPHIC NAME
Geographic name Asia.
700 1# - ADDED ENTRY--PERSONAL NAME
9 (RLIN) 3280
Personal name Harrison, John A.
730 0# - ADDED ENTRY--UNIFORM TITLE
Uniform title Journal of Asian studies.
906 ## - LOCAL DATA ELEMENT F, LDF (RLIN)
a 7
b cbc
c orignew
d 2
e ncip
f 19
g y-gencatlg
942 ## - ADDED ENTRY ELEMENTS (KOHA)
Source of classification or shelving scheme Dewey Decimal Classification
Koha item type Books
Holdings
Withdrawn status Lost status Source of classification or shelving scheme Damaged status Not for loan Collection code Home library Current library Shelving location Date acquired Source of acquisition Total Checkouts Full call number Barcode Date last seen Copy number Price effective from Koha item type
    Dewey Decimal Classification     Non-fiction Asiatic Society Library Asiatic Society Library General Stacks 03/01/2021 ASB Library Collections   951 HAT 106830 03/01/2021 C-1 03/01/2021 Books

Powered by Koha